000
00209nam a22000857a 4500
008
161228b xxu||||| |||| 00| 0 eng d
100
_9
2220
_a
Jacob.A et al
245
_a
Science-Lab-X
260
_a
New Delhi
_b
APC
_c
2011
999
_c
5108
_d
5108